00500nam a2200169Ia 4500003000900000008004100009040001600050080001500066100001700081245007300098260004800171300001700219650004100236650001600277650002100293650001600314IN-BaIIA211028s9999 xx 000 0 eng d cIIA Library a551.5bSHA aShaw, Napier 0aManual of meteorologybvol. IV, materiological calculascNapier Shaw aCambridgebCambridge University Pressc1931 axviii, 359p. aAstronomy and Astrophysics Thesaurus aClimatology aEarth Atmosphere aMeteorology